Pakistan and Afghanistan : (Record no. 92670)
[ view plain ]
| 000 -LEADER | |
|---|---|
| fixed length control field | 00800nam a22002057a 4500 |
| 005 - DATE AND TIME OF LATEST TRANSACTION | |
| control field | 20230720163839.0 |
| 010 ## - LCCN (DPL NO) | |
| LC control number | ENG-112562 ENG-137498 |
| 020 ## - INTERNATIONAL STANDARD BOOK NUMBER | |
| International Standard Book Number | 9789381904626 |
| Terms of availability | 975.00 |
| 035 ## - SYSTEM CONTROL NUMBER | |
| System control number | EN-96094 EN-121030 |
| 037 ## - SOURCE OF ACQUISITION | |
| Source of stock number/acquisition | DBAD/PUB |
| 082 ## - DEWEY DECIMAL CLASSIFICATION NUMBER | |
| Classification number | 327.540581 |
| 245 00 - TITLE STATEMENT | |
| Title | Pakistan and Afghanistan : |
| Statement of responsibility, etc | edited by Kingshuk Chatterjee |
| Remainder of title | the (in) stability factor in India's neighbourhood / |
| 260 ## - PUBLICATION, DISTRIBUTION, ETC. (IMPRINT) | |
| Place of publication, distribution, etc | New Delhi |
| Name of publisher, distributor, etc | KW Publishers |
| Date of publication, distribution, etc | 2013(repr.) |
| 270 ## - ADDRESS | |
| Address | 4676/21, First Floor, Ansari Road, Daryaganj, |
| City | New Delhi |
| Postal code | 110002 |
| 300 ## - PHYSICAL DESCRIPTION | |
| Extent | iv,179p. : |
| Dimensions | 24cm(Hb) |
| Other physical details | ill. |
| 500 ## - GENERAL NOTE | |
| General note | Includes bibliographical references. |
| 520 ## - SUMMARY, ETC. | |
| Summary, etc | Papers presented at a seminar held at University of Calcutta in March 2012. |
| 700 ## - ADDED ENTRY--PERSONAL NAME | |
| Personal name | Chatterjee, Kingshuk |
| 942 ## - ADDED ENTRY ELEMENTS (KOHA) | |
| Source of classification or shelving scheme | Dewey Decimal Classification |
| Item type | English Books |
| Call number suffix | PAK |
| Classification part | 327.540581 |
| Withdrawn status | Lost status | Not for loan | Collection code | Home library | Current library | Date acquired | Source of acquisition | Cost, normal purchase price | Full call number | Barcode | Copy number | Cost, replacement price | Koha item type |
|---|---|---|---|---|---|---|---|---|---|---|---|---|---|
| Non-fiction | Central Jail Tihar | Central Jail Tihar | 20/07/2023 | DBAD/PUB | 975.00 | 327.540581 PAK | EN-121030 | 1 | 975.00 | English Books | |||
| Not For Loan | Non-fiction | D.B.Act.Division | D.B.Act.Division | 01/04/2015 | DBAD/PUB | 495.00 | 327.540581 PAK | EN-96094 | 1 | 495.00 | English Books |
